LDR 01024naa#a2200169#i#450# 001 RU\\bibl\20319 005 20260701141652.3 100 ## _a20260630b2026####ek#y0rusy0150####ca 102 ## _aRU 200 1# _aПРИМЕНЕНИЕ БЕСПИЛОТНЫХ ЛЕТАТЕЛЬНЫХ АППАРАТОВ В БОРЬБЕ С ЛЕСНЫМИ ПОЖАРАМИ _eСтатья/тезисы конференции 210 1# _aВоронеж _cВоронежский государственный лесотехнический университет имени Г.Ф. Морозова _d2026 215 ## _a5 с. 608 ## _aСтатья/тезисы конференции _2local 675 ## _aбеспилотные. 623.746.4-519 _aИзвещение о пожаре. Пожарная тревога. Техника и тактика тушения пожара. Организация тушения пожара. 614.842 _z 700 #1 _aЖуравлева _gО. А. 700 #1 _aАкименко _gАндрей Владимирович 856 4# _abibl.vgltu.ru _u